=LDR 00000nam 2200000 4500 =247 ##$$a =856 ##$$a =700 #$$a =650 #$$a Pelanggaran Kode Etik Hakim =650 #$$a Laporan Informasi Publik =520 #$$a Proyek perubahan ini bertujuan untuk memberikan pelayanan kepada masyarakat pencari keadilan atas dugaan pelanggaran kode etik dan pedoman perilaku hakim (KEPPH) oleh Hakim diseluruh Indonesia dengan mempercepat proses pelayanan, mempersingkat tahapan penyelesaian, serta dukungan IT/SIPLM untuk memonitor tahapan proses penyelesaian laporan masyarakat/Lapmasy =321 ##$$a =310 ##$$a =300 ##$$a 35 hlm. : $b ill. ; $c 30 cm $e =260 ##$$a Jakarta : $b Pusbangkom Pimnas dan Manajerial ASN. ; $c 2024 =001 $a INLIS000000000020888 =245 ##$$a Strategi Percepatan Penyelesaian Laporan Masyarakat Atas Dugaan Pelanggaran Kode Etik dan Pedoman Perilaku Hakim Pada Komisi Yudisial $b $c Mulyadi =100 #$$a Mulyadi =084 ##$$a R 0162 PKN II 2024 =082 ##$$a =035 ##$$a 0010-0426000045 =020 ##$$a =008 $a 260427################g##########0#ind## =005 $a 20260427145602